Z expozé ministra financí ČR k návrhu státního rozpočtu ČR na rok 2002
Pôvodný vládny návrh štátneho rozpočtu: makroekonomický vývoj, plnenie rozpočtu v roku 2001, rozpočet na rok 2002 - príjmy a výdavky. Nový vládny návrh štátneho rozpočtu: zmeny v rozpočte na rok 2002.
Saved in:
| Main Author: | |
|---|---|
| Format: | Book Chapter |
| Language: | Czech |
| Subjects: | |
| Tags: |
No Tags, Be the first to tag this record!
|
MARC
| LEADER | 00000naa a2200000 4500 | ||
|---|---|---|---|
| 001 | r044702 | ||
| 005 | 20231004102144.5 | ||
| 041 | 0 | |a cze | |
| 044 | |a CZ | ||
| 245 | 1 | 0 | |a Z expozé ministra financí ČR k návrhu státního rozpočtu ČR na rok 2002 |c Jiří Rusnok |
| 520 | |a Pôvodný vládny návrh štátneho rozpočtu: makroekonomický vývoj, plnenie rozpočtu v roku 2001, rozpočet na rok 2002 - príjmy a výdavky. Nový vládny návrh štátneho rozpočtu: zmeny v rozpočte na rok 2002. | ||
| 610 | 2 | 0 | |a rozpočet štátny |
| 610 | 2 | 0 | |a Česko |
| 610 | 2 | 0 | |a vývoj hospodársky |
| 610 | 2 | 0 | |a príjmy rozpočtu štátneho |
| 610 | 2 | 0 | |a výdavky rozpočtu štátneho |
| 610 | 2 | 0 | |a 2002 |
| 100 | 1 | |a Rusnok, Jiří | |